| 000 | 00401cam a22001337a 4500 | ||
|---|---|---|---|
| 008 | 180718b1981 xxu||||| |||| 00| 0 eng d | ||
| 082 | _aK12x5413 T326 | ||
| 100 | _aThakur, R.N. | ||
| 245 |
_aElite theory and administrative system _cby R.N. Thakur |
||
| 260 |
_aDelhi _bSterling _c1981 |
||
| 300 | _a356p. | ||
| 650 | _aDistrict administration - India - Bihar | ||
| 650 | _aCivil service - India - Bihar | ||
| 999 |
_c355445 _d355445 |
||